Регионална библиотека "Любен Каравелов" - Русе

Ръководство за решаване на задачи по теория на еластичността, устойчивост и динамика на еластичните системи (Запис номер 189823)

MARC детайли
000 -Лидер
Контролно поле с фиксирана дължина nam a22 a 4500
003 - Код на организацията, давaща контролен номер
Контролно поле BLK
005 - Дата и час на последна редакция
Контролно поле 20220907142020.0
008 - Елементи от данни с фиксирана дължина
fixed length control field 180411b bul|||||r ||||||| ||bul||
010 ## - Наследен системен номер
LC control number KNG00198870000
040 ## - Източник на каталожния запис
Идентификатор на билиотеката - собственик на записа BLK
041 ## - Код за език
Код за езика на текст/звукозапис или на отделно заглавие Български
Код за езика КДБФ Български
080 ## - УДК
Текстов определител УДК Основни определения. Еластични сили. Еластичен потенциал. Област на еластичност. Предел на еластичност
УДК код - определител по УДК 539.31
УДК определител (075.8)
УДК - код + определител 539.31(075.8)
139 ## - Редно поле
Редна дума Ръководство за решаване на задачи по теория на еластичността, устойчивост и динамика на еластичните системи
Авторски знак Ръ - Р 97
245 10 - Сведения за заглавието
Заглавие Ръководство за решаване на задачи по теория на еластичността, устойчивост и динамика на еластичните системи
Подзаглавни данни За студентите от ВИСИ
Редно поле (дума) под ред. на Христо Петров Върбанов.
257 ## - Страна на издаване
Страна на създаване/издаване България
260 ## - Област на издателските данни
Място на издаване, разпространение и проч. София
Име на издателя, разпространителя и проч. Техника
Година на издаване 1974
300 ## - Физическа характеристика
Страници 528 с.
Илюстрации и др. с черт., табл.
Размери/Мащаб 23 см
380 ## - Жанр
Жанр Естествени науки. Математика
500 ## - Общи забележки
Забележка Авт. : Ц.ено Н. Кръстев, Тинко Б. Бобев, Тодор Д. Карамански, Банко П. Банков, Рангел П. Рангелов, Юлиана В. Павлова, Ангел Д. Тепавичаров, Танко Г. Тодоров, Александър А. Попов, Димитър С. Цанев. - 5 066 тир. - Библиогр. с. 521-523.
650 #4 - Допълнително описание по предмет – тема
Основно описание – тема или топоним Еластичност - теория - учебници за ВУЗ
9 (RLIN) 154519
653 ## - Ключова дума – ненормативна
Ключова дума еластичност
653 ## - Ключова дума – ненормативна
Ключова дума учебници за ВУЗ
700 1# - Други автори (авторска отговорност)
Лично име Върбанов, Христо Петров
Автороска отговорност (Описва отношението между автора и произведението) под ред. на
9 (RLIN) 384751
852 ## - Местоположение
Форматна сигнатура Цб 73513
Фондова буква Хранилище
856 4# - Електронен адрес и достъп
Електронен формат pdf - файл
856 4# - Електронен адрес и достъп
Електронен формат pdf - файл
999 ## - СИСТЕМНИ КОНТРОЛНИ НОМЕРА
Koha biblionumber 189823
Koha biblioitemnumber 189823
942 ## - АРТИКУЛИ
Вид на библиотечния материал Книги
Скрит в OPAC Не
Koha issues (borrowed), all copies 1
Периодичен библиозапис Да
944 ## - СЪЗДАВАНЕ И РЕДАКЦИЯ на ЗАПИСА
Създаване/Редакция Създаване
Дата на регистрацията/редакция 04.01.2017
Служител, извършил регистрацията/редакцията Радостина_Карадакова
944 ## - СЪЗДАВАНЕ И РЕДАКЦИЯ на ЗАПИСА
Създаване/Редакция Редакция
Дата на регистрацията/редакция 2022-09-07
Служител, извършил регистрацията/редакцията ир
999 ## - СИСТЕМНИ КОНТРОЛНИ НОМЕРА
Koha biblioitemnumber 189823
Наличности
Код за отписване Код за изгубен артикул Източник на класификационната схема Код за повреда Коз за рестрикции Код за отдаване Артикулен № Име на библиотеката - собственик Име на библиотеката, в която се намира в момента Статус (Текущо местоположение) Дата на вписване в системата Местоположение - отдел Цена в лева Инвентарен номер Систематично азбучна сигнатура Баркод Номер на екземпляра Цена в евро Служебна бележка Служебен тип на артикула
  Не е изгубен Universal Decimal Classification Не е повреден само за читалня ползва се в читалня 334040 Регионална библиотека "Любен Каравелов" Русе Регионална библиотека "Любен Каравелов" Русе Хранилище 1974-01-01 Хранилище 1.91 172327 Цб 73513 120000172327 1 0.98 N: стар фонд Дата: 01.01.1974 Книги
Изтеглен Не е изгубен Universal Decimal Classification Не е повреден без рестрикции заемане за дома 334041 Регионална библиотека "Любен Каравелов" Русе Регионална библиотека "Любен Каравелов" Русе Заемна - подръчен фонд 1974-01-01 Заемна - подръчен фонд 1.00 178879 П 539.3/.6/Р 97 178879 2 0.51 N: стар фонд Дата: 01.01.1974 Книги
Изтеглен Не е изгубен Universal Decimal Classification Не е повреден без рестрикции заемане за дома 334042 Регионална библиотека "Любен Каравелов" Русе Регионална библиотека "Любен Каравелов" Русе Заемна - подръчен фонд 1974-01-01 Заемна - подръчен фонд 1.00 178880 П 539.3/.6/Р 97 178880 3 0.51 N: стар фонд Дата: 01.01.1974 Дата инв: 16.02.2018 Бележки инв: П2018 Книги
Vip Innovations Ltd, Rousse, Bulgaria 2025